00000000cam 2200000zi 4500
0019.960350
003CaOODSP
00520260409112605
006m     o  d f      
007cr mn|||||||||
008260226e202603##onc     ob   f000 0 eng d
020 |a9780660986500
040 |aCaOODSP|beng|erda|cCaOODSP
043 |an-cn---
0861 |aP29-32-311-2026E-PDF
24500|aOrganic production systems : |bpermitted substances lists.
250 |a[March 2026 edition].
264 1|aOttawa, Ontario : |bCanadian General Standards Board : |bStandards Council of Canada, |cMarch 2026.
264 4|c©2026
300 |a1 online resource (62 pages).
336 |atext|btxt|2rdacontent
337 |acomputer|bc|2rdamedia
338 |aonline resource|bcr|2rdacarrier
4901 |aNational standard of Canada ; |vCAN/CGSB-32.311-2026
500 |a"Supersedes CAN/CGSB-32.311-2020, Corrigendum No. 1."
500 |aIssued also in French under title: Systèmes de production biologique : listes des substances permises.
500 |aThe publication file in PDF format has been replaced on 7 April 2026 as requested by the Canadian General Standards Board.
504 |aIncludes bibliographical references (pages 2-3).
520 |a"This National Standard of Canada provides additional information to CAN/CGSB-32.310, Organic production systems - general principles and management standards, in the form of permitted substances to be used as annotated in accordance with the scope of the table in which they are listed. Use of a listed substance in a manner inconsistent with the scope of the table in which it appears is not permitted, except as specified in a listed substance annotation"--Scope, page 2.
650 0|aOrganic farming|xStandards|zCanada.
650 0|aAgricultural industries|xStandards|zCanada.
7102 |aCanadian General Standards Board, |eissuing body.
7102 |aStandards Council of Canada, |eissuing body.
77508|tSystèmes de production biologique : |w(CaOODSP)9.960351
795 |tOrganic production systems : |bCorrigendum No. 1, March 2021|w(CaOODSP)9.894398
830#0|aNational standard of Canada ;|vCAN/CGSB-32.311-2026.|w(CaOODSP)9.507848
85640|qPDF|s701 KB|uhttps://publications.gc.ca/collections/collection_2026/ongc-cgsb/P29-32-311-2026-eng.pdf
986 |aICS 67.040 / 67.120.30